| 000 | 01145cab a2200229 4500 | ||
|---|---|---|---|
| 001 | ABS50903 | ||
| 008 | 090401t1994 xxu||||| |||| 00| 0 eng d | ||
| 035 | _a(Sirsi) u813 | ||
| 041 | _aeng | ||
| 245 | _aGray and others v Standard Home & Counties Properties Ltd and another | ||
| 260 | _c1994 | ||
| 350 | _a0 | ||
| 490 |
_aEstates Gazette _v(1994) 24 EG 152-155(4) |
||
| 520 | _aChD 7 February 1994. An application under Landlord and Tenant Act 1987 Part III for an acquisition order by tenants (G) holding long leases of flats in a converted Georgian building. Several changes of freehold owners had occured; none were registered; accordingly S remained the registered proprietor. Since 1980 there had been no active management. In 1984 a receiver was appointed. G served notice under LTA 1987 s27 alleging breach of covenants to repair, maintain, insure and manage the premises. Held, an acquisition order was granted. | ||
| 650 | _aACQUISITION ORDERS | ||
| 650 | _aLANDLORD AND TENANT ACT 1987 | ||
| 650 | _aLEASES | ||
| 650 | _aREPAIRING OBLIGATIONS | ||
| 690 | _aLANDLORD AND TENANT-CASE LAW | ||
| 942 | _n0 | ||
| 948 | _c04/03/1997 | ||
| 999 |
_c445 _d445 |
||